| 000 | 00693nam a2200241 4500 | ||
|---|---|---|---|
| 003 | OSt | ||
| 005 | 20260601193855.0 | ||
| 008 | 260417b1982 sp ||||| |||| 00| 0 spa d | ||
| 040 |
_aICI _bspa _cICIA |
||
| 041 | _aspa | ||
| 050 |
_aHT166 _bB453 |
||
| 100 | 1 |
_aBenevolo, Leonardo _932993 |
|
| 245 | 1 |
_aDiseño de la ciudad / _cLeonardo Benevolo |
|
| 260 |
_aBarcelona : _bGustavo Gili, _c1982-9999 |
||
| 300 | _a5 volúmenes | ||
| 336 |
_atexto _2rdacontent |
||
| 337 |
_asin medio _2rdamedia |
||
| 338 |
_avolumen _2rdacarrier |
||
| 505 | _tvolúmen 1. La Descripción del Ambiente | ||
| 650 |
_aArquitectura _xDiseños y planos _932994 |
||
| 650 |
_aUrbanismo _9788 |
||
| 942 |
_2lcc _cB |
||
| 999 |
_c22037 _d22037 |
||